00244nam a2200109Ia 4500003000400000005001700004008004100021020001800062040001700080100001800097245001900115OSt20240410145559.0170524s9999 xx 000 0 und d a9788186340745 ciimtu meerut aBASANDRA-S.K. 0aCOMPUTER TODAY